| 000 | 00508nam a22001817a 4500 | ||
|---|---|---|---|
| 999 |
_c6067 _d6067 |
||
| 003 | AR-CdUCM | ||
| 008 | 190313b ||||| |||| 00| 0 spa d | ||
| 040 |
_aMUNICIPALIDAD PROVINCIAL DEL CUSCO _cBIBLIOTECA MUNICIPAL DEL CUSCO |
||
| 082 |
_a869.560 / _bR91 |
||
| 100 |
_aRubio, Abel _917211 |
||
| 245 | _aEl sol enmudecido / | ||
| 260 |
_aArequipa : _bCasa de la Cultura, _c1964. |
||
| 300 |
_a18 páginas ; _c19 cm. |
||
| 505 | _aPoesía. | ||
| 650 |
_aPoesía. _9139 |
||
| 942 |
_2ddc _cLIBROS |
||
| 945 | _awfj | ||